Loading...
Science - Chemistry | 0 | 9 | 1 | 1 | 85 | 85 | 107.11 | 0 | 1 |
History - World History | 0 | 6 | 2 | 1 | 50 | 105 | 133.50 | 0 | 1 |
Fine Arts - Classical Music | 0 | 5 | 2 | 0 | 40 | 94 | 128.80 | 0 | 1 |
Science - Physics | 0 | 4 | 0 | 1 | 40 | 109 | 127.75 | 0 | 0 |
History - American History | 0 | 4 | 0 | 3 | 40 | 110 | 134.00 | 0 | 0 |
History - Other History | 0 | 4 | 1 | 3 | 35 | 110 | 136.75 | 0 | 0 |
Fine Arts - Painting & Sculpture | 0 | 4 | 1 | 0 | 35 | 125 | 137.50 | 0 | 0 |
Fine Arts - Other Fine Arts | 0 | 3 | 0 | 0 | 30 | 41 | 102.67 | 1 | 1 |
Social Science | 0 | 2 | 0 | 1 | 20 | 131 | 132.50 | 0 | 0 |
Literature - World Literature | 0 | 2 | 0 | 0 | 20 | 137 | 137.50 | 0 | 0 |
Current Events | 0 | 1 | 0 | 0 | 10 | 138 | 138.00 | 0 | 0 |
Geography | 0 | 2 | 2 | 0 | 10 | 91 | 104.00 | 0 | 0 |
History - European History | 0 | 2 | 2 | 0 | 10 | 83 | 124.00 | 1 | 1 |
Religion | 0 | 2 | 2 | 1 | 10 | 52 | 100.50 | 1 | 1 |
Science - Biology | 0 | 1 | 1 | 0 | 5 | 122 | 122.00 | 0 | 0 |
Mythology | 0 | 1 | 1 | 1 | 5 | 161 | 161.00 | 0 | 0 |
Literature - American Literature | 0 | 1 | 1 | 1 | 5 | 149 | 149.00 | 0 | 0 |
Other Academic | 0 | 0 | 1 | 0 | -5 | 0.00 | 0 | 0 | |
Science - Other Science | 0 | 0 | 2 | 0 | -10 | 0.00 | 0 | 0 |